000 00427nam a22001697a 4500
005 20180702154755.0
008 160625b xxu||||| |||| 00| 0 eng d
020 _a81-259-0770-X
041 _aeng
082 _b9897
_a658
100 _aNair, N.G.
_9407
245 _aResource management
260 _aNew Delhi
_bVikas Publishing House (P) Ltd.
_c2002
300 _a12.88
650 _aMass Communication
_92660
942 _cBK
999 _c3888
_d3887